KOHA-Header-6

Quantitative Research Methods (Record no. 13051)

000 -LEADER
fixed length control field 00300nam a22001337a 4500
020 ## - INTERNATIONAL STANDARD BOOK NUMBER
ISBN 9789694075020
082 ## - DEWEY DECIMAL CLASSIFICATION NUMBER
Classification number 301.072
100 ## - MAIN ENTRY--AUTHOR NAME
Personal name Abdul Waheed
245 ## - TITLE STATEMENT
Title Quantitative Research Methods
250 ## - EDITION STATEMENT
Edition statement 1st
260 ## - PUBLICATION, DISTRIBUTION, ETC. (IMPRINT)
Place of publication Pakistan
Name of publisher Royal Book Company
Year of publication 2020
300 ## - PHYSICAL DESCRIPTION
Number of Pages 276 pages
942 ## - ADDED ENTRY ELEMENTS (KOHA)
Koha item type Books
Holdings
Withdrawn status Lost status Collection code Permanent Location Current Location Shelving location Date acquired Full call number Accession Number Koha item type
    Business MAJU MAJU   2021-05-19 301.072 10148 Business

Powered by Koha